Небеса не знают любимчиков (Жизнь взаймы)

Xehetasun bibliografikoak
Egile nagusia: Ремарк Э. М. Эрих Мария
Gaia:Книга на немецком языке.
Впервые публикуемый у нас на немецком языке роман культового немецкого писателя Эриха Марии Ремарка (1898-1970) известен русскому читателю под названием «Жизнь взаймы». Это рассказ о страстной любви, каждый шаг которой омрачен тенью смерти. Книга представляет собой неадаптированный текст для чтения, снабженный примечаниями и словарем.Для учащихся старших классов языковых школ, вузов, курсов иностранных языков и самостоятельного чтения.
Hizkuntza:alemana
Argitaratua: Санкт-Петербург, Корона принт, 2006
Saila:Originallektüre
Gaiak:
Formatua: Liburua
KOHA link:https://koha.lib.tpu.ru/cgi-bin/koha/opac-detail.pl?biblionumber=135405

MARC

LEADER 00000nam0a2200000 4500
001 135405
005 20231101220541.0
010 |a 5898154248 
035 |a (RuTPU)RU\TPU\book\146750 
090 |a 135405 
100 |a 20080410d2006 m y0rusy50 ca 
101 0 |a ger 
102 |a RU 
105 |a y z 000ay 
200 1 |a Небеса не знают любимчиков (Жизнь взаймы)  |d Der Himmel Kennt Keine Günstlinge  |f Э. М. Ремарк 
210 |a Санкт-Петербург  |c Корона принт  |c Каро  |d 2006 
215 |a 352 с. 
225 1 |a Originallektüre 
300 |a Книга на немецком языке. 
330 |a Впервые публикуемый у нас на немецком языке роман культового немецкого писателя Эриха Марии Ремарка (1898-1970) известен русскому читателю под названием «Жизнь взаймы». Это рассказ о страстной любви, каждый шаг которой омрачен тенью смерти. Книга представляет собой неадаптированный текст для чтения, снабженный примечаниями и словарем.Для учащихся старших классов языковых школ, вузов, курсов иностранных языков и самостоятельного чтения. 
510 1 |a Der Himmel Kennt Keine Günstlinge  |z ger 
606 1 |a Немецкая литература  |2 stltpush  |3 (RuTPU)RU\TPU\subj\45368  |9 64612 
606 1 |a Немецкий язык  |x Для вузов  |x Учебные руководства и пособия. Хрестоматии. Книги для чтения  |2 stltpush  |3 (RuTPU)RU\TPU\subj\45401  |9 64643 
610 1 |a немецкая литература 
610 1 |a романы 
610 1 |a проза 
610 1 |a немецкий язык 
675 |a 83  |v 3 
686 |a Ш143.24-923.8  |2 rubbk 
700 1 |a Ремарк  |b Э. М.  |c немецкий писатель  |f 1898-1970  |g Эрих Мария  |2 stltpush  |3 (RuTPU)RU\TPU\pers\1594  |9 686 
801 1 |a RU  |b 63413507  |c 20080410  |g PSBO 
801 2 |a RU  |b 63413507  |c 20220530  |g PSBO 
942 |c BK 
959 |a 39/20080403  |d 1  |e 91,80  |f ХФ:1